000
00314nam a2200121Ia 4500
005
20251222144854.0
008
251222s9999||||xx |||||||||||||| ||spa||
020
_a
84-7118-239-4
082
_a
249.43/S27
100
_a
Sauras, Emilio
245
0
_a
TeologĂa y Espiritualidad del Sacrificio de la Misa
942
_c
LIB
999
_c
21699
_d
21699